000 00899nam a2200253Ia 4500
003 OSt
005 20221002051206.0
006 a|||||r|||| 00| 0
007 ta
008 220930b |||||||| |||| 00| 0 eng d
024 _a22676
037 _cReference Collections
040 _aCRL
_cCRL
_beng
041 _2eng
_aeng
082 _aT48k1,N85, M5.1--.10(RR)
100 _aHusen Torsten Ed
_991128
245 0 _aInternational encyclopedia of education
_b Research and studies
260 _aOxford
_bPergamon
_c1985
300 _a621p, 623-1288p, 1289-1812p, 1813-2377p, 2379-3156p, 3157-3735p, 3737-4368p, 4369-4985p, 4987-5648p, 419p, 864p
_ccm.
650 _aEDUCATION
700 _a Postlethwaite T Neville Ed
_9480130
942 _hT48k1,N85, M5.1--.10(RR)
_cref
_2CC
999 _c916171
_d916171